Statistics for Fictional Organizations Quiz

Click here to take the quiz!

General Stats

  • This quiz has been taken 15,147 times
    (6,911 since last reset)
  • The average score is 13 of 24

Answer Stats

Organization Appears In % Correct
The SithStar Wars
95%
Wayne EnterprisesBatman
92%
StarfleetStar Trek
89%
S.H.I.E.L.D.Marvel Comics
83%
LexCorpSuperman
79%
Corleone Crime FamilyThe Godfather
79%
The Death EatersHarry Potter
78%
SPECTREJames Bond
70%
The Knights who say Ni!Monty Python
68%
Dunder MifflinThe Office
68%
The Jets (street gang)West Side Story
61%
Seattle Grace HospitalGrey's Anatomy
58%
Cobra CommandG.I. Joe
56%
BiffCo EnterprisesBack to the Future
50%
Cyberdyne SystemsThe Terminator
37%
Torchwood InstituteDoctor Who
37%
The StonecuttersThe Simpsons
35%
Mom's Friendly Robot CompanyFuturama
35%
Bluth CompanyArrested Development
35%
Ministry of LoveNineteen Eighty-Four
28%
Counter Terrorist Unit (CTU)24
26%
Foot ClanTeenage Mutant Ninja Turtles
26%
Dharma InitiativeLost
26%
Vandelay IndustriesSeinfeld
25%

Score Distribution

Percentile by Number Answered

Percent of People with Each Score

Your Score History

You have not taken this quiz since the last reset